Statistiques concernant Acronymes de techniques en biologie

Cliquez ici pour prendre le quiz!

Statistiques générales

  • Ce quiz a été pris 135 fois
  • Le résultat moyen est 3 sur 10

Statistiques - réponses

HintRéponse% Correct
PCRPolymerase Chain Reaction
73%
WBWestern Blot
64%
IFImmuno Fluorescence
35%
MEBMicroscopie Electronique a Balayage
32%
METMicroscopie Electronique a Transmission
32%
SDSPAGESodium Dodecyl Sulfate Poly Acrylamide Gel Electrophoresis
13%
ChIPChromatine Immuno Precipitation
9%
FISHFluorescence In Situ Hybridisation
2%
FRETFluerescent Resonance Energy Transfert
0%
FACSFluorescent Activating Cell Sorter
0%

Distribution des résultats

Percentile par nombre de réponses

% des personnes avec chaque résultat

Votre développement - résultats

Vous n’avez pas pris ce quiz